| 000 | 01004nam a2200217 a 4500 | ||
|---|---|---|---|
| 003 | DO-SdBNP | ||
| 005 | 20220706114636.0 | ||
| 007 | ta | ||
| 008 | 190806s2003 000 spa d | ||
| 020 | _a9993455652 | ||
| 040 |
_aDO-SdBNP _bspa _cBNPHU |
||
| 100 | 1 |
_aHeras Borrero, Francisco Manuel de las, _976543 _d1951- |
|
| 245 | 1 | 3 |
_aLa orden de Malta : _bun ente soberano sin territorio / _cFrancisco Manuel de las Heras y Borrero ; presentación Marino Ginebra Hurtado ; prólogo José Luis Rodríguez Villacañas. |
| 260 |
_a[Santo Domingo] _bEmbajada de la Soberana Militar Orden de Malta, Reública Dominicana : _bAsociación Dominicana de la Soberana Orden de Malta, Corripio, _c2003. |
||
| 300 |
_a234 p. : _bil., retrs. ; _c22 cm. |
||
| 500 | _aIncluye datos biográficos del autor en la contracubierta. | ||
| 504 | _aBibliografía : p. 199-212 | ||
| 700 | 1 |
_aRodríguez Villacañas, José Luis, _epról. _980861 |
|
| 700 | 1 |
_aGinebra Hurtado, Marino, _epreset. _980862 |
|
| 942 |
_2ddc _cLBS1 |
||
| 999 |
_c48745 _d48745 |
||